Statistics for Capital Cities by Closest Capital N-S

Click here to take the quiz!

General Stats

  • This quiz has been taken 24 times
  • The average score is 28 of 40

Answer Stats

CAPITAL CITY% Correct
Beirut
95%
Jerusalem
86%
Madrid
86%
Rome
86%
Vilnius
86%
Bamako
81%
Bratislava
81%
Damascus
81%
Lisbon
81%
Panama City
81%
Yaounde
81%
Guatemala City
76%
Kuala Lumpur
76%
Vienna
76%
Bern
71%
Lima
71%
Minsk
71%
Sucre
71%
Vaduz
71%
Amman
67%
Bangkok
67%
Bogota
67%
Dhaka
67%
Kigali
67%
Malabo
67%
Naypyidaw
67%
Pretoria
67%
Singapore
67%
Vatican City
67%
Gaborone
62%
Kampala
62%
Monrovia
62%
Ouagadougou
62%
Freetown
57%
Saint John's
57%
San Salvador
57%
Libreville
52%
Phnom Penh
52%
Sao Tome
52%
Basseterre
43%

Score Distribution

Percentile by Number Answered

Percent of People with Each Score

Your Score History

You have not taken this quiz